000 01350cam a22003974a 4500
001 4180
003 FISKH
005 20240625150624.0
008 990803s2000 nyua b 001 0beng
010 _a 99042513
020 _a078945436X (hc.)
020 _a0789454351 (pb.)
020 _a9780789454355
035 _a(DLC) 99042513
040 _aDLC
_cDLC
_dDLC
050 _aTL540.E3
082 _a629.13
100 1 _aBull, Angela,
_d1936-
245 1 0 _aFlying ace :
_bthe story of Amelia Earhart /
_cwritten by Angela Bull.
260 _aNew York :
_bDorling Kindersley,
_c2000.
300 _a48 pages :
_bcolor illustrations ;
_c23 cm
490 _aDK Readers
_vProficient 4 readers
505 _aR
520 _aExamines the life and disappearance of the pilot who was the first woman to cross the Atlantic in a plane by herself.
521 8 _a750
_bLexile
521 8 _aR
_bRaz-Plus
600 1 0 _aEarhart, Amelia,
_d1897-1937
_vJuvenile literature.
600 1 1 _aEarhart, Amelia,
_d1897-1937.
650 0 _aAir pilots
_zUnited States
_vBiography
_vJuvenile literature.
650 0 _aWomen air pilots
_zUnited States
_vBiography
_vJuvenile literature.
650 1 _aAir pilots.
650 1 _aWomen
_vBiography.
906 _a7
_bcbc
_corignew
_d1
_eocip
_f20
_gy-gencatlg
942 _2ddc
_cBK
_n0
999 _c4180
_d4180